000 00699nam a2200205Ii 4500
003 JO-AjNU
008 230605s9999||||xx |||||||||||||| ||und||
040 _aJO-AjNU
_bara
_erda
_cJO-AjNU
041 _aara
050 1 4 _aDS247.Y4 Y8788 1989
100 3 _aتاليف عبدالله، يوسف محمد,
_eauthor
_918730
245 0 0 _aأوراق في تاريخ اليمن وآثارة
250 _aط1
264 3 1 _aبغداد: دار الشؤون الثقافية العامة، 1989
300 _a195ص
336 _atext
_btxt
_2rdacontent
337 _aunmediated
_bn
_2rdamedia
338 _avolume
_bnc
_2rdacarrier
650 4 _aاليمن-تاريخ، اثار اليمن-تاريخ
_918731
999 _aA6046
_c9614
_d9614